Szczegóły MARC21

Literatura rosyjska : podręcznik. T. 1 /

003 -Nazwa inst., której nr kontr. jest w polu 001 [,]
    • @
    • Nazwa instytucji, której n kontrolny jest w polu 001
    • NUKAT
005 -DATA I CZAS OSTATNIEJ MODYFIKACJI [,]
    • @
    • pole kontrolne
    • 20241231115736.0
040 -Instytucja sporządzająca opis [ , ]
    • a
    • Instytucja, która sporządziła opis (NP)
    • OLSZT 003/BK
    • c
    • Instytucja, która sporządziła rekord (NP)
    • OLSZT 003/BK
    • d
    • Instytucja, która zmodyfikowała rekord (P)
    • OLSZT 003/DK
942 -Rodzaj dokumentu [ , ]
    • c
    • Rodzaj dokumentu
    • Książka
245 -Strefa tytułu i oznaczenia odpowiedzialności [0,0]
    • a
    • Tytuł
    • Literatura rosyjska : Find
    • b
    • Ciąg dalszy tytułu (NP)
    • podręcznik. Find
    • n
    • Oznaczenie części (P)
    • T. 1 /
    • c
    • Pozostałe elementy strefy tytułu i oznaczenia odpowiedzialności (NP)
    • [aut. Zbigniew Barański et al. ; układ i red. ogólna Mariana Jakóbca].
260 -Strefa adresu wydawniczego [ , ]
    • a
    • Miejsce wydania (P)
    • Warszawa :
    • b
    • Nazwa wydawcy (P)
    • Państwowe Wydawnictwo Naukowe,
    • c
    • Data wydania (P)
    • 1970.
300 -Strefa opisu fizycznego [ , ]
    • a
    • Określenie formy książki i/lub objętość (NP)
    • 631, [1] s. :
    • b
    • Oznaczenie ilustracji (NP)
    • il., faks., portr. ;
    • c
    • Format (NP)
    • 24 cm.
336 -Typ zawartości [ , ]
    • a
    • Termin opisujący typ zawartości
    • Tekst
    • b
    • Kod określający zawartość
    • txt
    • 2
    • Źródło (terminu i kodu)
    • rdacontent
337 -Typ mediów [ , ]
    • a
    • Tryb odtwarzania
    • Bez urządzenia pośredniczącego
    • b
    • Kod typu mediów
    • n
    • 2
    • Źródło (terminu i kodu)
    • rdamedia
338 -Typ/rodzaj nośnika [ , ]
    • a
    • Hasło opisujące typ nośnika
    • Wolumin
    • b
    • Kod typu nośnika
    • nc
    • 2
    • Źródło (terminu i kodu)
    • rdacarrier
080 -Uniwersalna Klasyfikacja Dziesiętna [ , ]
    • a
    • Symbol klasyfikacji
    • 821.161.1(091)
    • 2
    • Identyfikator wydania tablic
    • UDC-P058
    • 9
    • UKD
    • 8285
    • b
    • Dopowiedzenie
    • Literatura rosyjska (historia).
    • 4
    • UKD2
    • 7665
    • x
    • Poddział wspólny
    • (075.8)
    • c
    • Dopowiedzenie poddz. wspólnego
    • (Podręczniki dla szkół wyższych. Skrypty).
    • 4
    • UKD2
    • 21972
    • x
    • Poddział wspólny
    • "10/18"
    • c
    • Dopowiedzenie poddz. wspólnego
    • Od XI do XIX w.
650 -Hasło przedmiotowe [ ,7]
    • a
    • Hasło przedmiotowe
    • Literatura rosyjska
    • x
    • Określnik rzeczowy
    • historia i krytyka.
    • 2
    • Źródło terminu
    • kaba
    • 9
    • KHW
    • 359916
650 -Hasło przedmiotowe [ ,7]
    • a
    • Hasło przedmiotowe
    • Literatura rosyjska
    • y
    • Określnik chronologiczny
    • 19 w.
    • x
    • Określnik rzeczowy
    • historia i krytyka.
    • 2
    • Źródło terminu
    • kaba
    • 9
    • KHW
    • 351229
980 -Symbol UKD [ , ]
    • a
    • UKD
    • 821.161.1(091)"10/18"
700 -Hasło dodatkowe - nazwa osobowa [1, ]
    • a
    • Nazwa osobowa (NP)
    • Jakóbiec, Marian Find
    • d
    • Daty biograficzne (NP)
    • (1910-1998).
    • e
    • Określenie rodzaju współpracy
    • Red.
    • 9
    • KHW
    • 43281
700 -Hasło dodatkowe - nazwa osobowa [1, ]
    • a
    • Nazwa osobowa (NP)
    • Barański, Zbigniew Find
    • d
    • Daty biograficzne (NP)
    • (1925-2009).
    • 9
    • KHW
    • 43282
Status udost. Numer inwentarzowy Sygnatura Lokalizacja Data inwentaryzacji
-3W.1409W.1408BG2005-02-17
-3W.1408W.1408BG2005-02-17
-3W.1410W.1408BG2005-02-17
2W.1411W.1408BG2005-02-17
2W.1412W.1408BG2005-02-17
2W.1413W.1408BG2005-02-17
2W.1415W.1408BG2005-02-17
2W.1416W.1408BG2005-02-17
2W.1417W.1408BG2005-02-17
2W.1418W.1408BG2005-02-17
2W.1422W.1408BG2005-02-17
2W.1424W.1408BG2005-02-17
2W.1426W.1408BG2005-02-17
2W.1427W.1408BG2005-02-17
2W.1428W.1408BG2005-02-17
2W.1429W.1408BG2005-02-17
2W.1430W.1408BG2005-02-17
2W.1432W.1408BG2005-02-17
2W.1433W.1408BG2005-02-17
2W.1434W.1408BG2005-02-17
2W.1435W.1408BG2005-02-17
2W.43477W.1408BG2005-02-17
-6W.1414W.1408BG2005-02-17
-6W.1419W.1408BG2005-02-17
-6W.1420W.1408BG2005-02-17
-6W.1421W.1408BG2005-02-17
-6W.1423W.1408BG2005-02-17
-6W.1425W.1408BG2005-02-17
-6W.1431W.1408BG2005-02-17
-6W.1436W.1408BG2005-02-17
-6W.80833 BG2005-02-17
1Z.551Z.551BG2005-02-17
-6R.3634 BM2005-02-17
1P.22735ROS. Historia lit. rosyjskiej 01BM2012-02-29